| 000 | 00393nam a2200157Ia 4500 | ||
|---|---|---|---|
| 008 | 220216s9999 xx 000 0 und d | ||
| 100 | _aBaldwin John M | ||
| 245 | 0 | _aAccelerated aging of tires. Part.II | |
| 260 |
_bRubber Chemistry and Technology _c2005 |
||
| 300 | _a336-353 | ||
| 650 | _aAging | ||
| 650 | _aTire | ||
| 700 | _aBauer David R | ||
| 700 | _aEllwood Kevin R | ||
| 942 | _cJS | ||
| 999 |
_c53720 _d53720 |
||